000 00293nam a22001217a 4500
008 260106b |||||||| |||| 00| 0 eng d
020 _a9787515512761
082 _a0
_b0
245 _a马云的团队经
_c李强
260 _a北京
_b金城出版社
_c2015
365 _bgift
942 _2ddc
_cBK
999 _c70043
_d70033